Royal ambassadors in missions. (Record no. 2219)
[ view plain ]
| 000 -LEADER | |
|---|---|
| fixed length control field | 00811nam a2200241 4500 |
| 001 - CONTROL NUMBER | |
| control field | 2283768 |
| 003 - CONTROL NUMBER IDENTIFIER | |
| control field | GBCCL |
| 005 - DATE AND TIME OF LATEST TRANSACTION | |
| control field | 20241126110423.0 |
| 008 - FIXED-LENGTH DATA ELEMENTS--GENERAL INFORMATION | |
| fixed length control field | 711227s1969 tnua 001 0 eng |
| 010 ## - | |
| -- | 79101631 |
| 040 ## - CATALOGING SOURCE | |
| Original cataloging agency | DLC |
| Transcribing agency | DLC |
| Modifying agency | DLC |
| 050 00 - | |
| -- | BV2090.5 |
| -- | .C45 |
| 082 00 - DEWEY DECIMAL CLASSIFICATION NUMBER | |
| Classification number | 266.607 |
| Item number | CHA |
| 100 1# - MAIN ENTRY--PERSONAL NAME | |
| Personal name | Chance, Jay. |
| 9 (RLIN) | 4551 |
| 245 10 - TITLE STATEMENT | |
| Title | Royal ambassadors in missions. |
| 250 ## - EDITION STATEMENT | |
| Edition statement | Rev |
| 260 ## - PUBLICATION, DISTRIBUTION, ETC. | |
| Place of publication, distribution, etc. | [Memphis, Tenn., |
| Name of publisher, distributor, etc. | Brotherhood Commission, |
| Date of publication, distribution, etc. | 1973, c1969] |
| 300 ## - PHYSICAL DESCRIPTION | |
| Extent | 112 p. |
| Other physical details | illus. |
| Dimensions | 29 cm. |
| 500 ## - GENERAL NOTE | |
| General note | "Church study course [of the Sunday School Board of the Southern Baptist Convention]. This book is no. 6603 of the Christian leadership series." |
| 650 #0 - SUBJECT ADDED ENTRY--TOPICAL TERM | |
| Topical term or geographic name entry element | Missions |
| General subdivision | Study and teaching (Elementary) |
| 9 (RLIN) | 4552 |
| 906 ## - LOCAL DATA ELEMENT F, LDF (RLIN) | |
| a | 7 |
| b | cbc |
| c | orignew |
| d | 2 |
| e | ncip |
| f | 19 |
| g | y-gencatlg |
| 942 ## - ADDED ENTRY ELEMENTS (KOHA) | |
| Source of classification or shelving scheme | Dewey Decimal Classification |
| Koha item type | Books |
| Withdrawn status | Lost status | Source of classification or shelving scheme | Damaged status | Not for loan | Home library | Current Library | Shelving location | Date acquired | Total checkouts | Full call number | Barcode | Date last seen | Copy number | Price effective from | Koha item type |
|---|---|---|---|---|---|---|---|---|---|---|---|---|---|---|---|
| Dewey Decimal Classification | GRACE BIBLE COLLEGE | GRACE BIBLE COLLEGE | Ministry & Mission | 2017-07-17 | 266.607 CHA | 007607 | 2025-05-01 | c.1 | 2017-07-17 | Books |